| 000 | 00000nam 2200000za 4500 |
| 001 | 9.837863 |
| 003 | CaOODSP |
| 005 | 20221107151237 |
| 007 | cr ||||||||||| |
| 008 | 170607s1975 oncad #o f000 0 eng d |
| 040 | |aCaOODSP|beng |
| 041 | |aeng|afre |
| 043 | |an-cn--- |
| 086 | 1 |aR5-242/1975-PDF |
| 245 | 00|aEnrolment of registered Indian students |h[electronic resource] : |btrend analysis and historical review from 1949-1950 to 1974-1975 = Inscriptions des écoliers Indiens : analyse des tendances et historique de 1949-1950 à 1974-1975. |
| 246 | 11|aInscriptions des écoliers Indiens : |banalyse des tendances et historique de 1949-1950 à 1974-1975 |
| 260 | |a[Ottawa?] : |bDepartment of Indian Affairs and Northern Development, Departmental Statistics Division, |c1975. |
| 300 | |avi, 30, [6] p. : |bill., graphs |
| 500 | |a"October 7, 1975." |
| 500 | |aDigitized edition from print [produced by Indigenous and Northern Affairs Canada]. |
| 520 | |a"An historical summary of registered Indian student enrolment in federal and non-federal schools in Canada for the school years 1949-50 to 1974-75 inclusive is provided in this report"--Preface. |
| 546 | |aText in English and French. |
| 580 | |aComplemented by: A technical report on enrolment projections of registered Indian students in Canada, 1975-76 - 1979-80. |
| 692 | 07|2gccst|aIndians |
| 692 | 07|2gccst|aStudents |
| 692 | 07|2gccst|aStatistics |
| 710 | 1 |aCanada. |bIndian and Northern Affairs. |bDepartmental Statistics Division. |
| 787 | 0 |tTechnical report on enrolment projections of registered Indian students in Canada, 1975-76 - 1979-80|w9.845426 |
| 792 | |tEnrolment of registered Indian students |efre|w(CaOODSP)9.837865 |
| 856 | 40|qPDF|s11.83 MB|uhttps://publications.gc.ca/collections/collection_2017/aanc-inac/R5-242-1975.pdf |